Europe since Waterloo.

Bibliographic Details
Main Author: Ergang, Robert Reinhold, 1898-
Format: Book
Language:English
Published: Boston : Heath, [1954]
Subjects:

MARC

Tag First Indicator Second Indicator Subfields
LEADER 00000cam a2200000 4500
001 in00000711213
005 20151016054818.0
008 741008s1954 maua 00000 eng u
010 |a  54007862  
035 |a (OCoLC)01034160 
035 |9 ADC5391AM 
040 |c ITD  |d TXA  |d UtOrBLW 
049 |a TXAM  |c [241598] 
050 0 0 |a D359  |b .E7 
082 0 |a 940.28 
092 |a 940.28  |b E67e 
100 1 |a Ergang, Robert Reinhold,  |d 1898- 
245 1 0 |a Europe since Waterloo. 
264 1 |a Boston :  |b Heath,  |c [1954] 
300 |a 836 pages :  |b illustrations ;  |c 24 cm. 
336 |a text  |b txt  |2 rdacontent 
337 |a unmediated  |b n  |2 rdamedia 
338 |a volume  |b nc  |2 rdacarrier 
651 0 |a Europe  |x History  |y 1789-1900. 
651 0 |a Europe  |x History  |y 20th century. 
999 |a MARS 
999 f f |s 2c3b1bfb-82dd-39c1-9ede-3c6211b1143c  |i 00606c1a-dea4-30cd-a90f-ba638d29fcf1  |t 0 
952 f f |p ric  |a Texas A&M University  |b Rellis Campus  |c Joint Library Facility  |d Remote Storage  |t 0  |e D359 E7  |h Library of Congress classification  |i unmediated -- volume  |m A14801459607 
998 f f |a D359 E7  |t 0  |l Remote Storage